| 000 | 00000nas 2200000za 4500 |
| 001 | 9.505417 |
| 003 | CaOODSP |
| 005 | 20240502085425 |
| 007 | cr ||||||||||| |
| 008 | 150406s19942011oncar p oss f0 a0eng|d |
| 022 | |a1709-5859|y1715-3298 |
| 040 | |aCaOODSP|beng |
| 043 | |an-cn--- |
| 086 | 1 |aCS21-0005E-PDF|zCS21F0005GIE |
| 222 | 0|aWhole farm data base reference manual |
| 245 | 00|aWhole Farm Data Base reference manual |h[electronic resource]. |
| 246 | 13|aWhole Farm Database reference manual |
| 260 | |aOttawa : |bStatistics Canada, Whole Farm Data Projects, |c[1994-2011] |
| 310 | |aAnnual |
| 362 | 1 |aBegan with Sept. 1994; ceased with Dec. 2011. |
| 500 | |aIssued also in French under title: Base de données complètes sur les exploitations agricoles, manuel de référence. |
| 500 | |aSome issues digitized from print edition [produced by Statistics Canada]. |
| 520 | 3 |aThis manual familiarizes potential users of the WFDB with the structure of the data base and the quality of the data and give a description of the WFDB products and services that are currently available. |
| 690 | 07|aDatabases|2gcpds |
| 690 | 07|aFarming|2gcpds |
| 710 | 1 |aCanada.|bStatistics Canada.|bWhole Farm Data Projects Section. |
| 775 | 08|tBase de données complètes sur les exploitations agricoles, manuel de référence |w(CaOODSP)9.501816 |